000
00342nam a22001457a 4500
008
240311b |||||||| |||| 00| 0 eng d
020
_a
9789354660368
040
_a
02
082
_a
546.012(GUP)
100
_a
GUPTA,ARUN KUMAR
245
_a
TEXT BOOK OF PHARMACEUTICAL INORGANIC CHEMISTRY
260
_b
CBS
300
_a
176
942
_c
01
999
_c
58548
_d
58548